000 00228 a2200097 4500
001 41449
100 _aOxford
245 _aThe oxford dictionary of quotations
260 _aLondan
_bGeoffray cumsridge
_c
090 _c25621
_d25621
942 _aNUST-CAE
_cM
_c17360
999 _c276522
_d276522